Ископаемые: сбор, препарирование,определение, использование; пер. с нем.

Bibliografiske detaljer
Hovedforfatter: Крумбигель Г. Гюнтер
Andre forfattere: Вальтер Х.
Summary:Третья книга из серии иллюстрированных определителей геологических объектов, выпускаемых в ГДР ("Определитель горных пород" и "Определитель минералов" в русском переводе вышли в издательстве "Мир" соответственно в 1977 и 1978 гг.), в отличие от первых двух содержит не только материалы по определению ископаемой фауны и флоры, но и указания по их правильному сбору, препарированию и использованию. В общедоступной форме авторы знакомят читателя с основными группами вымерших организмов, многими другими вопросами, с которыми столкнется начинающий палеонтолог. На русском языке подобные издания отсутствуют. Книга полезна не только для геологов всех специальностей, но также для студентов, туристов, школьников старших классов и всех любителей природы.
Sprog:russisk
Udgivet: Москва, Мир, 1980
Fag:
Format: MixedMaterials Bog
KOHA link:https://koha.lib.tpu.ru/cgi-bin/koha/opac-detail.pl?biblionumber=373874

MARC

LEADER 00000nam0a2200000 4500
001 373874
005 20231101050921.0
035 |a (RuTPU)RU\TPU\retro\31305 
035 |a RU\TPU\book\219043 
090 |a 373874 
100 |a 20221216d1980 km y0rusy50 ca 
101 1 |a rus  |c ger 
102 |a RU 
105 |a a z 001zy 
200 1 |a Ископаемые  |e сбор, препарирование,определение, использование  |e пер. с нем.  |f Г. Крумбигель, Х. Вальтер 
210 |a Москва  |c Мир  |d 1980 
215 |a 334 с.  |c ил. 
320 |a Библиогр.: с. 324-331. 
330 |a Третья книга из серии иллюстрированных определителей геологических объектов, выпускаемых в ГДР ("Определитель горных пород" и "Определитель минералов" в русском переводе вышли в издательстве "Мир" соответственно в 1977 и 1978 гг.), в отличие от первых двух содержит не только материалы по определению ископаемой фауны и флоры, но и указания по их правильному сбору, препарированию и использованию. В общедоступной форме авторы знакомят читателя с основными группами вымерших организмов, многими другими вопросами, с которыми столкнется начинающий палеонтолог. На русском языке подобные издания отсутствуют. Книга полезна не только для геологов всех специальностей, но также для студентов, туристов, школьников старших классов и всех любителей природы. 
610 1 |a ископаемые 
610 1 |a сбор 
610 1 |a преподавание 
610 1 |a определение 
610 1 |a использование 
610 1 |a фоссилий 
610 1 |a палеонтология 
675 |a 56  |v 3 
700 1 |a Крумбигель  |b Г.  |g Гюнтер 
701 1 |a Вальтер  |b Х. 
801 1 |a RU  |b 63413507  |c 20110916 
801 2 |a RU  |b 63413507  |c 20221216  |g RCR 
942 |c BK